Quizzes
Events
Quiz Creation
Community
Videos
Private Events
Remove Ads
Sign In
Join for FREE
Feedback
Dark Mode
Quiz Categories
Sports
Geography
Music
Movies
Television
Just For Fun
Miscellaneous
History
Literature
Language
Science
Gaming
Entertainment
Religion
Holiday
For Kids
Quiz Lab
Recent
Popular Today
Quiz Kudos Today
Editor Picks
Curator Picks
Quizzes by...
Day
Popularity
Type
Ratings
Length
Year
Community
Subscriptions
Recent Discussions
Orange Saloon
Badges
Playlists
Quests
Create
Leaderboards
Showdown
Live 5
Trivia Bingo
Activity
Puzzle Library
Sporcle Events
Private Events
Virtual Trivia
Globe League
Become a Host
Pub Owners
SporcleCon
Opinionation
Our Games
Videos
Blog
Mobile Apps
Partnerships
Remove Ads and Go Orange
Feedback
Music
Pop Music
The Beatles
Song
Album
Lyrics
Bands
Singers
Artist
Clip
Rock
Rap
Classical
Billboard
Country Music
Kpop
Taylor Swift
Music
Pop Music
The Beatles
Song
Album
Lyrics
Bands
Singers
Artist
Clip
Rock
Rap
Classical
Billboard
Country Music
Kpop
Taylor Swift
Random Quiz
Search Sporcle
×
Quiz Lab
Quiz Lab
Music
Lyrics
Type in answers that appear in a list
Type in answers that appear in a list
Classic
Best Score? Go Orange.
Can you name the Disney song Lyrics 29? Stats
Can you name the Disney Lyrics 29?
By
eRininix
10m
178 Questions
14.2K Plays
14,215 Plays
14,215 Plays
Comments
Comments
Give Quiz Kudos
Give Quiz Kudos
-
- Ratings
hide this ad
Replay
Link that replays current quiz
Next Quiz
Link to next quiz in quiz playlist
You Got
0%
They Got
Avg Score
51%
Avg Friend Score
Upgrade to see
Score Distribution
Jump to the score distribution portion of the page
Score
0/178
Timer
10:00
0
Plays Today
% Correct
And
98.5%
the
98.5%
The
98.5%
and
98.5%
The
98.5%
and
98.5%
the
98.5%
and
98.5%
the
98.5%
the
98.5%
the
98.5%
I
97.3%
I
97.3%
I
97.3%
I
97.3%
I
97.3%
I
97.3%
you
90%
you
90%
you
90%
You
90%
you
90%
be
80%
be
80%
we
77.4%
we
77.4%
we
77.4%
We
77.4%
We
77.4%
we
77.4%
We
77.4%
we
77.4%
We
77.4%
We
77.4%
We
77.4%
We
77.4%
Can
76.6%
Can
76.6%
can
76.6%
on
74.5%
is
74.3%
Is
74.3%
Is
74.3%
are
71.3%
are
71.3%
are
71.3%
are
71.3%
Are
71.3%
are
71.3%
are
71.3%
are
71.3%
are
71.3%
to
71%
me
70.5%
in
69.5%
it
67.3%
When
63.3%
when
63.3%
see
60.6%
see
60.6%
% Correct
see
60.6%
go
59.8%
go
59.8%
go
59.8%
Of
59%
of
59%
of
59%
There
58.8%
one
58.7%
one
58.7%
One
58.7%
one!
58.7%
one,
58.7%
One
58.7%
one
58.7%
so
58.7%
so
58.7%
your
58.2%
your
58.2%
Your
58.2%
If
58%
that
57.7%
That
57.7%
that
57.7%
who
55.9%
will
55.1%
will
55.1%
know
51.9%
my
51.6%
As
46.4%
as
46.4%
am?
45.6%
am
45.6%
Don't
44.5%
don't
44.5%
just
42.3%
just
42.3%
us
40.6%
way
40.1%
way
40.1%
like
40%
much
39.9%
much
39.9%
life
38.3%
our
37.7%
thing
37.5%
thing
37.5%
all
37.2%
All
37.2%
All
37.2%
you'll
36.5%
you'll
36.5%
But
36.5%
Or
36.2%
some
35.5%
with
35.5%
with
35.5%
with
35.5%
only
35.2%
only
35.2%
% Correct
heart
34.3%
under
33.3%
day
32.6%
through
32.2%
every
32.1%
more
31.9%
than
31.6%
has
31.1%
by
29.5%
never
29.1%
sun
28.5%
come
28.3%
always
28.2%
there's
25%
we'll
24.7%
sky
24.7%
must
24.6%
plan?
24.3%
things
24.2%
part
23.9%
own
23.7%
understand
23.6%
big
23%
those
22.8%
family
22.6%
need
22.6%
find
22.5%
still
22.1%
hope
21.5%
away
21%
earth
21%
trust
20.7%
dreams
20.6%
stand
20.4%
planned
20.1%
gone
19.9%
nothing
19.8%
side
19.8%
pride,
19.4%
pride
19.4%
inside
18.9%
Even
18.5%
destroy
17.5%
seems
16.8%
journey
16.7%
turn
16.6%
Filled
16.4%
filled
16.4%
deep
16.3%
begun
16.1%
pain,
15.6%
undone
15.5%
joy
15.5%
Tears
14.6%
tears
14.6%
courage
13.6%
wisdom
12.8%
lead
12.6%
Quiz Playlist
Details
Report
Send in Message
Add To Playlist
Classic:
Type in answers that appear in a list
Last Updated: May 24, 2018
Quiz Scoreboard
CHALLENGE
Sign Up to Join the Scoreboard
Show All
Scores
Hide
Comments
May contain spoilers
Recently Published
Click the 1999 NBA Draft
by nibperrychub
Sports
2m
Alphabetical 'K' Countries by Flag Minefield
by ylime102
Geography
3m
Pick 6: Fruits
by JohnFran
Miscellaneous
15s
More to Explore
Quiz From the Vault
Featured Blog Post
15 Basketball Trivia Facts You Can Be March Mad About
hide this ad
You Might Also Like...
Tags
Disney Quiz
Lyrics Quiz
Song Quiz
Today's Top Quizzes in Music
Browse Music
hide this ad
Today's Top Quizzes in Lyrics
Browse Lyrics
Top Contributed Quizzes in Music
1
KPOP LOGIC QUIZ
2
Taylor Swift All Songs (2024)
3
NCT 2020 Logic Puzzle
4
Taylor Swift Logic Puzzle
5
Lana Del Rey songs - match the song with the album
6
Taylor Swift: Logic Puzzle
7
Guess The Taylor Swift Lyrics Song #1
8
Joni Mitchell—'Car on a Hill' Lyrics
9
kpop group name match up
10
Guess the Taylor Swift song (Mystery Song)
Explore More
Trending Topics
Disney
Crossword
Kpop
Anime
Harry Potter
NBA
Marvel
Song
Puzzle
The Office
WWE
NFL
Country
Soccer
Pokémon
hide this ad
More By:
eRininix
Quiz
Plays
Rating
Category
Featured
Created
Can you name the Disney song Lyrics 29?
14,215
4.23
Music
Jun 8, 2010
Can you name the Disney song Lyrics 28?
4,151
4.00
Music
Jun 7, 2010
Can you name the Disney song Lyrics 31?
1,827
3.50
Just For Fun
Nov 12, 2010
Go to Creator's Profile
Score Distribution
Quiz Creator Spotlight
eRininix
Follow
Send a Message
Quizzes Created
-
Created Quiz Play Count
-
More By This Creator
Popular Quizzes Today
1
Find the US States - No Outlines Minefield
2
Countries of Asia Without Outlines Minefield
3
Pick 6: Fruits
4
Alphabetical 'K' Countries by Flag Minefield
5
The Countries of the World
6
Click the 1999 NBA Draft
7
Find the US States
8
Match the Book to the Film X
More Music Quizzes
Watchmojo's Top 10 Most Important Albums Per Genre
Curator's Pick
Trending Quizzes
Pick 6: Harry Potter
Pick 6: Golfers
Pick 6: Movie Franchises
Pick 6: Foods
Pick 6: Landmarks
Recently Updated
Women's Final Four Teams by Year
bhenderson79
Presidents Quartet II
eogle
Anything But Clue(do)
eogle
Anything But Oceanian Capitals
eogle
Anything But 7
eogle
Anything But Thing
eogle
Word Ladder: February 29
pecheneg
Song Title Questions
pecheneg
Women's NCAA Tournament #1 Seeds
pecheneg
Celebrity Mug Shots
pecheneg
Trending Topics
Marvel
Disney
Kpop
NBA
Crossword
Anime
Harry Potter
Puzzle
WWE
Song
The Office
NFL
Pokémon
Country
Soccer
Your Account Isn't Verified!
In order to create a playlist on Sporcle, you need to verify the email address you used during registration. Go to your
Sporcle Settings
to finish the process.
Report this User
Report this user for behavior that violates our
Community Guidelines
.
Details:
Send Report
Go to the Sporcle.com Mobile Site →
Comments